Word Chain- Sports - Statistics

General Stats
  • This quiz has been taken 1,836 times
  • The average score is 9 of 14
Answer Stats
Hint Answer % Correct
It is mostly played in america and a postion in the game is a quarterback Football
94%
You have a number of different clubs and you aim for a hole Golf
90%
You use a round ball and there is 11 people in a team Soccer
86%
this is an exercise that helps your flexibility Yoga
79%
You use flexibility in this sport and can perform on uneven bars in this sport Gymnastics
77%
you have nets which you carry a ball in while running Lacrosse
75%
There are two posts that you kick between at each end and you score a try Rugby
73%
You perform this sport in boat in the water with paddles Rowing
71%
This is a range of events such as long jump Athletics
56%
you get to the top of a cliff and use a carabiner Rock Climbing
50%
This is an adaption of basketball but for girls and no backboard Netball
48%
A large animal is used in this sport and you have a person controlling it Equestrian
44%
You play this sport on a table and there is a white ball Snooker
42%
You can perform this sport on a beach and you use the wind Land sailing
5%
No matching quizzes found
Score Distribution
Percent of People with Each Score
Percentile by Number Answered
Your Score History
You have not taken this quiz